[Event "Women's Speed Chess Q5"]
[Site "chess.com INT"]
[Date "2020.06.22"]
[Round "1"]
[White "Kairbekova, Amina"]
[Black "Mahalakshmi, M"]
[Result "0-1"]
[WhiteTitle "WFM"]
[BlackTitle "WIM"]
[WhiteElo "2065"]
[BlackElo "2253"]
[WhiteFideId "13712799"]
[BlackFideId "5001080"]
[EventDate "2020.06.22"]

1. e4 c6 2. d4 d5 3. Nd2 dxe4 4. Nxe4 Nf6 5. Nxf6+ exf6 6. c3 Bd6 7. Bd3 O-O 8.
Qc2 Re8+ 9. Ne2 h5 10. Be3 Be6 11. Ng3 h4 12. Nf5 Bxf5 13. Bxf5 Bf4 14. O-O Bxe3
15. fxe3 Rxe3 16. Qf2 Re8 17. Qxh4 g6 18. Bxg6 fxg6 19. Rxf6 Kg7 20. Qg5 Qxf6 0-1

[Event "Women's Speed Chess Q5"]
[Site "chess.com INT"]
[Date "2020.06.22"]
[Round "1"]
[White "Luong, Phuong Hanh"]
[Black "Martsynovskaya, Marina"]
[Result "1-0"]
[WhiteTitle "WIM"]
[BlackTitle "WIM"]
[WhiteElo "2230"]
[BlackElo "2046"]
[WhiteFideId "12401013"]
[BlackFideId "609218"]
[EventDate "2020.06.22"]

1. d4 d5 2. c4 dxc4 3. e3 Nf6 4. Bxc4 e6 5. Nf3 c5 6. O-O a6 7. Qe2 b5 8. Bb3
Bb7 9. Rd1 Qb6 10. a4 Nbd7 11. axb5 axb5 12. Rxa8+ Bxa8 13. Nc3 Bc6 14. d5 exd5
15. Nxd5 Nxd5 16. Bxd5 Be7 17. Qd3 Nf6 18. Bxc6+ Qxc6 19. Ne5 Qb7 20. b3 O-O 21.
Bb2 Rd8 22. Qxd8+ 1-0

[Event "Women's Speed Chess Q5"]
[Site "chess.com INT"]
[Date "2020.06.22"]
[Round "1"]
[White "Azhar, Puteri Munajjah Az-Zahraa"]
[Black "Eswaran, Ashritha"]
[Result "0-1"]
[WhiteTitle "WIM"]
[BlackTitle "WIM"]
[WhiteElo "2046"]
[BlackElo "2244"]
[WhiteFideId "5709040"]
[BlackFideId "2080788"]
[EventDate "2020.06.22"]

1. e4 c5 2. Nf3 a6 3. d3 g6 4. g3 Bg7 5. Bg2 e5 6. O-O Nc6 7. c3 d6 8. Be3 Nge7
9. Nbd2 O-O 10. a4 f5 11. Nc4 f4 12. Bd2 h6 13. h4 Kh7 14. Qc1 fxg3 15. fxg3 Bg4
16. Ne3 Be6 17. g4 Qd7 18. Bh3 Ng8 19. Nh2 Rf4 20. Rxf4 exf4 21. Nd5 g5 22. Qe1
Rf8 23. Kh1 Nce7 24. Nxe7 Nxe7 25. hxg5 hxg5 26. Nf3 Kg6 27. Bxf4 Rxf4 0-1

[Event "Women's Speed Chess Q5"]
[Site "chess.com INT"]
[Date "2020.06.22"]
[Round "1"]
[White "Tereladze, Sopiko"]
[Black "Bogumil, Tatiana"]
[Result "1-0"]
[WhiteTitle "WIM"]
[BlackTitle "WGM"]
[WhiteElo "2141"]
[BlackElo "2182"]
[WhiteFideId "13600486"]
[BlackFideId "4110579"]
[EventDate "2020.06.22"]

1. d4 Nf6 2. Nf3 c5 3. c3 b6 4. Bf4 Bb7 5. e3 g6 6. Nbd2 Bg7 7. Be2 O-O 8. O-O
d6 9. h3 Nbd7 10. Bh2 Re8 11. a4 Rc8 12. Re1 Ne4 13. Nxe4 Bxe4 14. Nd2 Bb7 15.
Bf3 Qc7 16. Bxb7 Qxb7 17. Qf3 Qxf3 18. Nxf3 cxd4 19. exd4 e5 20. dxe5 dxe5 21.
Rad1 e4 22. Rxd7 exf3 23. Rxe8+ Rxe8 24. gxf3 Be5 25. Bxe5 Rxe5 26. Rxa7 Re2 27.
b4 Rc2 28. Rb7 Rxc3 29. Rxb6 Rxf3 30. a5 Ra3 31. a6 Kg7 32. b5 h5 33. Rb7 Ra2
34. a7 1-0

[Event "Women's Speed Chess Q5"]
[Site "chess.com INT"]
[Date "2020.06.22"]
[Round "1"]
[White "Kaya, Emel"]
[Black "Janzelj, Lara"]
[Result "0-1"]
[WhiteTitle "WCM"]
[BlackTitle "WIM"]
[WhiteElo "1912"]
[BlackElo "2210"]
[WhiteFideId "6306411"]
[BlackFideId "14608391"]
[EventDate "2020.06.22"]

1. e4 d6 2. d4 Nf6 3. Nc3 e5 4. Nf3 Nbd7 5. Bc4 Be7 6. O-O O-O 7. h3 c6 8. a4 a5
9. Re1 Nb6 10. Ba2 Nfd7 11. Be3 exd4 12. Bxd4 Nc5 13. Qe2 Be6 14. Rad1 Nbxa4 15.
Bxe6 fxe6 16. Nxa4 Nxa4 17. Qc4 b5 18. Qxe6+ Kh8 19. Rd3 Bf6 20. b3 Bxd4 21.
bxa4 Bc5 22. axb5 cxb5 23. e5 Qb6 24. Re2 Rae8 25. Qg4 dxe5 26. Rd7 Qf6 27. Nxe5
Rxe5 28. Rxe5 Qxe5 29. g3 Qe1+ 0-1

[Event "Women's Speed Chess Q5"]
[Site "chess.com INT"]
[Date "2020.06.22"]
[Round "1"]
[White "Tsotsonava, Elene"]
[Black "Yakimova, Mariya"]
[Result "0-1"]
[WhiteTitle "WFM"]
[BlackTitle "WFM"]
[WhiteElo "2012"]
[BlackElo "2269"]
[WhiteFideId "13615939"]
[BlackFideId "34188859"]
[EventDate "2020.06.22"]

1. e4 c5 2. Nf3 Nc6 3. d4 cxd4 4. Nxd4 Nf6 5. Nc3 e5 6. Ndb5 d6 7. Bg5 a6 8. Na3
b5 9. Nd5 Be7 10. Bxf6 Bxf6 11. c3 O-O 12. Nc2 Bg5 13. a4 bxa4 14. Rxa4 a5 15.
Bc4 Rb8 16. b3 Kh8 17. Nce3 g6 18. h4 Bxh4 19. g3 Bg5 20. f4 exf4 21. gxf4 Bh4+
22. Kd2 Be6 23. Kc2 f5 24. Qg1 fxe4 25. Qh2 g5 26. Be2 gxf4 27. Nxf4 Bxb3+ 28.
Kd2 Bxa4 29. Ne6 Qf6 30. Nxf8 Rb2+ 31. Nc2 Qg5+ 32. Kd1 Bxc2# 0-1

[Event "Women's Speed Chess Q5"]
[Site "chess.com INT"]
[Date "2020.06.22"]
[Round "1"]
[White "Koridze, Lile"]
[Black "Berend, Elvira"]
[Result "0-1"]
[WhiteTitle "WFM"]
[BlackTitle "WGM"]
[WhiteElo "1996"]
[BlackElo "2326"]
[WhiteFideId "13612514"]
[BlackFideId "4000510"]
[EventDate "2020.06.22"]

1. d4 Nf6 2. c4 e6 3. g3 Bb4+ 4. Bd2 c5 5. Bg2 O-O 6. Nf3 Bxd2+ 7. Qxd2 d6 8.
O-O Nc6 9. Nc3 Qe7 10. Rad1 Rd8 11. a3 h6 12. d5 exd5 13. Nxd5 Nxd5 14. cxd5 Ne5
15. Qc2 Nxf3+ 16. Bxf3 Bh3 17. Rfe1 b5 18. Qc3 Rac8 19. e4 c4 20. e5 dxe5 21.
Rxe5 Qf6 22. Rde1 a6 23. Qe3 a5 24. Bd1 b4 25. Bc2 g6 26. axb4 axb4 27. Qd4 Qd6
28. Re7 b3 29. Bb1 Qxd5 30. Qxd5 Rxd5 31. Be4 Rd2 32. Bb7 Rcd8 33. Ba6 Be6 34.
Kg2 Rxb2 35. Rc7 Rdd2 36. Rf1 Rbc2 37. Kg1 b2 0-1

[Event "Women's Speed Chess Q5"]
[Site "chess.com INT"]
[Date "2020.06.22"]
[Round "1"]
[White "Divya, Deshmukh"]
[Black "Sapale, Saloni"]
[Result "1-0"]
[WhiteTitle "WIM"]
[BlackTitle "WIM"]
[WhiteElo "2305"]
[BlackElo "2147"]
[WhiteFideId "35006916"]
[BlackFideId "5085527"]
[EventDate "2020.06.22"]

1. e4 e6 2. d3 d5 3. Nd2 c5 4. Ngf3 Nc6 5. g3 g6 6. Bg2 Bg7 7. O-O Nge7 8. Qe2
O-O 9. Re1 b6 10. Nf1 Ba6 11. e5 h6 12. h4 Nf5 13. c3 Rc8 14. N1h2 h5 15. Bg5
Qc7 16. Bh3 Rce8 17. g4 hxg4 18. Nxg4 b5 19. Nf6+ Bxf6 20. Bxf6 Ng7 21. Qe3 Nh5
22. Qh6 Nxf6 23. exf6 1-0

[Event "Women's Speed Chess Q5"]
[Site "chess.com INT"]
[Date "2020.06.22"]
[Round "1"]
[White "Gevorgyan, Maria"]
[Black "Vidyarthi, Omya"]
[Result "1-0"]
[WhiteTitle "WGM"]
[BlackTitle "WCM"]
[WhiteElo "2228"]
[BlackElo "1709"]
[WhiteFideId "13300270"]
[BlackFideId "30931665"]
[EventDate "2020.06.22"]

1. e4 e5 2. Nf3 Nc6 3. d4 exd4 4. Nxd4 Nf6 5. Nxc6 bxc6 6. e5 Qe7 7. Qe2 Nd5 8.
h4 h6 9. c4 Ba6 10. Rh3 g6 11. Ra3 Nb4 12. Ra4 d5 13. Rxa6 Nxa6 14. cxd5 Nc5 15.
dxc6 Bg7 16. Bf4 O-O 17. Nc3 Rfe8 18. O-O-O Qe6 19. Qb5 Bxe5 20. Bxe5 Qxe5 21.
Nd5 Ne6 22. Ne7+ Rxe7 23. Qxe5 Rae8 24. Qa5 Nd8 25. Qxa7 Nxc6 26. Qc5 Ne5 27.
Bb5 c6 28. Ba4 Kh7 29. Bc2 Ng4 30. h5 Kg7 31. hxg6 fxg6 32. Qxc6 Nxf2 33. Qxg6+ 1-0

[Event "Women's Speed Chess Q5"]
[Site "chess.com INT"]
[Date "2020.06.22"]
[Round "1"]
[White "Tarini, Goyal"]
[Black "Sargsyan, Anna M."]
[Result "0-1"]
[WhiteTitle "WFM"]
[BlackTitle "WGM"]
[WhiteElo "2164"]
[BlackElo "2405"]
[WhiteFideId "5082749"]
[BlackFideId "13308130"]
[EventDate "2020.06.22"]

1. d4 d5 2. c4 c6 3. Nc3 Nf6 4. e3 e6 5. Nf3 Nbd7 6. Qc2 Bd6 7. Bd3 O-O 8. O-O
dxc4 9. Bxc4 e5 10. h3 Qe7 11. a3 b5 12. Ba2 a5 13. Bd2 Bb7 14. Rad1 e4 15. Ng5
Rae8 16. Bb1 c5 17. f3 exf3 18. Nxf3 b4 19. axb4 cxb4 20. Na4 Rc8 21. Qd3 Be4
22. Qe2 Bxb1 23. Rxb1 Ne4 24. Rfc1 Ndf6 25. b3 h6 26. Qb5 Nxd2 27. Qe2 Nxb1 28.
Rxb1 Qe4 0-1

[Event "Women's Speed Chess Q5"]
[Site "chess.com INT"]
[Date "2020.06.22"]
[Round "1"]
[White "Kovanova, Baira"]
[Black "Jakubowska, Anna"]
[Result "0-1"]
[WhiteTitle "WGM"]
[BlackTitle "WIM"]
[WhiteElo "2343"]
[BlackElo "2073"]
[WhiteFideId "4164083"]
[BlackFideId "1121952"]
[EventDate "2020.06.22"]

1. e4 c6 2. d4 d5 3. Nc3 dxe4 4. Nxe4 Nf6 5. Ng3 h5 6. h4 Bg4 7. Nf3 Bxf3 8.
gxf3 g6 9. Bg5 Bg7 10. Qd2 Nbd7 11. O-O-O Qb6 12. Kb1 O-O-O 13. Ne4 c5 14. Bh3
e6 15. Qf4 Nxe4 16. Qxe4 Bxd4 17. Rxd4 cxd4 18. Bxd8 Rxd8 19. f4 Nc5 20. Qf3 d3
21. cxd3 Nxd3 22. Qe2 Qxf2 23. Rc1+ Kb8 24. Qxf2 Nxf2 25. Bg2 Ng4 26. Bf3 Ne3
27. Re1 Nf5 0-1

[Event "Women's Speed Chess Q5"]
[Site "chess.com INT"]
[Date "2020.06.22"]
[Round "1"]
[White "Hng, Mei-En Emmanuelle"]
[Black "Maltsevskaya, Aleksandra"]
[Result "0-1"]
[WhiteTitle "WFM"]
[BlackTitle "WGM"]
[WhiteElo "2029"]
[BlackElo "2272"]
[WhiteFideId "5804566"]
[BlackFideId "24174041"]
[EventDate "2020.06.22"]

1. e4 c5 2. d4 cxd4 3. c3 d3 4. Bxd3 Nc6 5. Nf3 g6 6. O-O Bg7 7. Qe2 Nf6 8. h3
O-O 9. Rd1 Qc7 10. Na3 a6 11. Be3 b5 12. Rac1 Bb7 13. Nc2 Nh5 14. Qd2 Na5 15. g4
Nf6 16. Bf4 d6 17. Qe2 Nc4 18. b3 Nb2 19. Re1 Nxd3 20. Qxd3 Rac8 21. Nb4 h5 22.
g5 Nd7 23. Nd5 Qd8 24. c4 bxc4 25. Rxc4 Rxc4 26. bxc4 Nc5 27. Qa3 Qd7 28. Kg2
Bc8 29. Ng1 a5 30. Be3 Nxe4 31. Qxa5 Bb7 32. Qa7 Nxg5 33. Bxg5 Bxd5+ 34. cxd5
Qxa7 0-1

[Event "Women's Speed Chess Q5"]
[Site "chess.com INT"]
[Date "2020.06.22"]
[Round "1"]
[White "Vovk, Anastasiia"]
[Black "Rakhmangulova, Anastasiya"]
[Result "0-1"]
[WhiteTitle "WGM"]
[BlackTitle "WIM"]
[WhiteElo "2076"]
[BlackElo "2191"]
[WhiteFideId "14110563"]
[BlackFideId "14117479"]
[EventDate "2020.06.22"]

1. e4 d5 2. exd5 Qxd5 3. Nc3 Qd6 4. d4 Nf6 5. Nf3 Bg4 6. Be2 Nc6 7. Be3 a6 8. h3
Bh5 9. O-O O-O-O 10. Ng5 Bg6 11. f4 h6 12. f5 hxg5 13. fxg6 fxg6 14. Bg4+ Kb8
15. Bxg5 Nxd4 16. Rf2 e5 17. Rd2 Qb6 18. Kh1 Be7 19. Na4 Qa5 20. b3 b5 21. Nb2
Bb4 22. Rd3 Ne4 23. Bxd8 Nf2+ 24. Kh2 Nxd1 25. Raxd1 Rxd8 26. c4 Qxa2 0-1

[Event "Women's Speed Chess Q5"]
[Site "chess.com INT"]
[Date "2020.06.22"]
[Round "1"]
[White "Gunina, Valentina"]
[Black "Dwilewicz, Katarzyna"]
[Result "1-0"]
[WhiteTitle "GM"]
[BlackTitle "WFM"]
[WhiteElo "2431"]
[BlackElo "2120"]
[WhiteFideId "4167570"]
[BlackFideId "1148486"]
[EventDate "2020.06.22"]

1. d4 Nf6 2. c4 e6 3. Nf3 d5 4. Nc3 c6 5. e3 Nbd7 6. Qc2 Bd6 7. Be2 O-O 8. O-O
Re8 9. e4 dxe4 10. Nxe4 Nxe4 11. Qxe4 e5 12. Bg5 Qc7 13. c5 Be7 14. Bd3 g6 15.
Bxe7 Rxe7 16. Qh4 Re8 17. Rfe1 b6 18. Ng5 Nf8 19. Bc4 Be6 20. Bxe6 fxe6 21. Rxe5
bxc5 22. d5 cxd5 23. Rae1 Rab8 24. b3 Rb4 25. Qh3 Rb6 26. f4 d4 27. Qd3 Rd6 28.
h4 Qd7 29. Ne4 Rd5 30. Nf6+ 1-0

[Event "Women's Speed Chess Q5"]
[Site "chess.com INT"]
[Date "2020.06.22"]
[Round "1"]
[White "Dauletova, Gulmira"]
[Black "Hernandez Bonilla, Amelia"]
[Result "1-0"]
[WhiteTitle "WIM"]
[BlackTitle "WFM"]
[WhiteElo "2319"]
[BlackElo "2016"]
[WhiteFideId "13702971"]
[BlackFideId "3900193"]
[EventDate "2020.06.22"]

1. e4 c5 2. Nf3 d6 3. d4 cxd4 4. Nxd4 Nf6 5. Nc3 Nc6 6. f3 e5 7. Nb3 Be6 8. Nd5
Bxd5 9. exd5 Nb8 10. c4 Nbd7 11. Be3 Be7 12. Bd3 O-O 13. O-O b6 14. Nd2 Nh5 15.
b4 Bg5 16. Bf2 Nf4 17. Ne4 Be7 18. Bc2 f5 19. Nc3 Rc8 20. Bb3 Bf6 21. Rc1 g6 22.
Nb5 Qe7 23. Nxa7 Ra8 24. Nc6 Qe8 25. c5 bxc5 26. bxc5 Nxc5 27. Bxc5 dxc5 28. d6+
Kh8 29. d7 1-0

[Event "Women's Speed Chess Q5"]
[Site "chess.com INT"]
[Date "2020.06.22"]
[Round "1"]
[White "Pham, Bich Ngoc"]
[Black "Soumya, Swaminathan"]
[Result "1-0"]
[WhiteTitle "WIM"]
[BlackTitle "IM"]
[WhiteElo "2235"]
[BlackElo "2351"]
[WhiteFideId "12401285"]
[BlackFideId "5016193"]
[EventDate "2020.06.22"]

1. g3 Nf6 2. Bg2 e5 3. d3 g6 4. e4 Bg7 5. Nc3 O-O 6. f4 Re8 7. Nf3 exf4 8. Bxf4
d5 9. O-O d4 10. Nb5 Na6 11. Nbxd4 Nh5 12. c3 Nxf4 13. gxf4 c5 14. Nb5 Qb6 15.
a4 Bd7 16. e5 Bxb5 17. axb5 Qxb5 18. Qc2 Nc7 19. Ng5 a6 20. Ne4 Ne6 21. Nd6 Qd7
22. Nxe8 Rxe8 23. Qb3 b5 24. Qd5 Qc7 25. Rxa6 Rd8 26. Ra8 Rxa8 27. Qxa8+ Bf8 28.
Qc6 Qb8 29. Bd5 Kg7 30. Bxe6 1-0

[Event "Women's Speed Chess Q5"]
[Site "chess.com INT"]
[Date "2020.06.22"]
[Round "1"]
[White "Haussernot, Cecile"]
[Black "Tsukerman, Julia"]
[Result "1-0"]
[WhiteTitle "WIM"]
[BlackTitle "WCM"]
[WhiteElo "2171"]
[BlackElo "1523"]
[WhiteFideId "601632"]
[BlackFideId "2621649"]
[EventDate "2020.06.22"]

1. e4 c5 2. Nf3 d6 3. d4 cxd4 4. Nxd4 Nf6 5. Nc3 a6 6. h3 e5 7. Nde2 h5 8. g3
Nc6 9. Bg5 Be7 10. Bg2 Be6 11. Qd2 b5 12. O-O Qc7 13. f4 exf4 14. Nxf4 Ne5 15.
Bxf6 Bxf6 16. Nfd5 Qc5+ 17. Kh1 Bd8 18. Nf4 Bg5 19. Nxe6 Bxd2 20. Nxc5 dxc5 21.
Nd5 Rc8 22. Rad1 Bg5 23. Rf5 f6 24. h4 Bh6 25. Rxh5 Kf7 26. Rf5 Ke6 27. Bh3 Kf7
28. Rdf1 Kg6 29. Rxe5 fxe5 30. Bf5+ Kh5 31. Kg2 Rcf8 32. g4+ Kxh4 33. Rh1+ Kg5
34. Rh5# 1-0

[Event "Women's Speed Chess Q5"]
[Site "chess.com INT"]
[Date "2020.06.22"]
[Round "1"]
[White "Ilyuchyk, Yana"]
[Black "Zavivaeva, Evelina"]
[Result "1-0"]
[WhiteTitle "WFM"]
[BlackTitle "WCM"]
[WhiteElo "2119"]
[BlackElo "1619"]
[WhiteFideId "13508407"]
[BlackFideId "44127839"]
[EventDate "2020.06.22"]

1. e4 e5 2. Nf3 Nc6 3. Nc3 Nf6 4. d4 exd4 5. Nxd4 d6 6. Be2 Be7 7. O-O O-O 8. f4
Bd7 9. Nf3 Re8 10. Kh1 Bg4 11. h3 Bh5 12. g4 Nxg4 13. hxg4 Bxg4 14. Rg1 Bxf3+
15. Bxf3 Bf6 16. Nd5 Bd4 17. Rg4 h5 18. Rg5 Bf6 19. Rxh5 Bd4 20. Rg5 Bf6 21. Rg4
Bd4 22. c3 Bb6 23. Qf1 Re6 24. f5 Re8 25. f6 1-0

[Event "Women's Speed Chess Q5"]
[Site "chess.com INT"]
[Date "2020.06.22"]
[Round "1"]
[White "Frayna, Janelle Mae"]
[Black "Mikheeva, Galina"]
[Result "1-0"]
[WhiteTitle "WGM"]
[BlackTitle "WFM"]
[WhiteElo "2179"]
[BlackElo "1901"]
[WhiteFideId "5212499"]
[BlackFideId "44108320"]
[EventDate "2020.06.22"]

1. e4 e5 2. Nf3 Nc6 3. Nc3 Nf6 4. d4 exd4 5. Nxd4 Bb4 6. Nxc6 bxc6 7. Bd3 d5 8.
exd5 Qe7+ 9. Qe2 cxd5 10. O-O Qxe2 11. Nxe2 O-O 12. Bf4 c6 13. a3 Bc5 14. c4
dxc4 15. Bxc4 Nd5 16. Bg3 Be6 17. Rac1 Bb6 18. Nf4 Nxf4 19. Bxf4 Rfe8 20. h3
Rad8 21. Bxe6 Rxe6 22. Rc2 f6 23. Rfc1 Rd4 24. Be3 Rdd6 25. Bf4 Rd4 26. g3 Rde4
27. Kf1 Kf7 28. h4 Ke7 29. Rxc6 Rxc6 30. Rxc6 Kd7 31. Rc2 Rd4 32. Rd2 Rxd2 33.
Bxd2 Kd6 34. Ke2 Kd5 35. Be3 Kc4 36. Bxb6 axb6 37. Kd2 Kb3 38. Kc1 b5 39. g4 g6
40. f4 1-0

[Event "Women's Speed Chess Q5"]
[Site "chess.com INT"]
[Date "2020.06.22"]
[Round "1"]
[White "Socko, Monika"]
[Black "Kanyamarala, Trisha"]
[Result "1-0"]
[WhiteTitle "GM"]
[BlackTitle "WIM"]
[WhiteElo "2428"]
[BlackElo "2193"]
[WhiteFideId "1106619"]
[BlackFideId "45004722"]
[EventDate "2020.06.22"]

1. d4 Nf6 2. c4 e6 3. Nf3 d5 4. g3 dxc4 5. Bg2 Nc6 6. Qa4 Bb4+ 7. Bd2 Nd5 8.
Bxb4 Nxb4 9. O-O O-O 10. a3 Nd5 11. Qxc4 Na5 12. Qc2 Bd7 13. b4 Nc6 14. e4 Nb6
15. Nbd2 a5 16. b5 Na7 17. a4 c6 18. bxc6 Nxc6 19. Qb3 Nb4 20. Ne5 Be8 21. Ndf3
f6 22. Nc4 Bc6 23. Nxb6 Qxb6 24. Qxe6+ Kh8 25. d5 Rfe8 26. Qg4 Bd7 27. Qxd7 Nc2
28. Rab1 Qc5 29. Rxb7 Rg8 30. Nh4 Nd4 31. Ng6+ 1-0

[Event "Women's Speed Chess Q5"]
[Site "chess.com INT"]
[Date "2020.06.22"]
[Round "1"]
[White "Turova, Irina"]
[Black "Artemyeva, Olga"]
[Result "1-0"]
[WhiteTitle "IM"]
[BlackTitle "WFM"]
[WhiteElo "2381"]
[BlackElo "2069"]
[WhiteFideId "4120876"]
[BlackFideId "4138422"]
[EventDate "2020.06.22"]

1. d4 Nf6 2. c4 e6 3. Nc3 Bb4 4. Qc2 Nc6 5. a3 Nxd4 6. Qd3 Bxc3+ 7. Qxc3 c5 8.
b4 Ne4 9. Qd3 Nxf2 10. Kxf2 Qf6+ 11. Ke1 Nc2+ 12. Qxc2 Qxa1 13. Nf3 cxb4 14.
axb4 d6 15. g3 Bd7 16. Bg2 Rc8 17. Kf2 Qa6 18. c5 Ba4 19. Qc3 O-O 20. Bb2 e5 21.
Ra1 Qb5 22. Ba3 dxc5 23. bxc5 Qb3 24. Qxb3 Bxb3 25. Nxe5 Rfe8 26. Nd3 b6 27. c6
Ba4 28. Rc1 Re6 29. c7 Rf6+ 30. Kg1 1-0

[Event "Women's Speed Chess Q5"]
[Site "chess.com INT"]
[Date "2020.06.22"]
[Round "1"]
[White "Sebag, Marie"]
[Black "Doluhanova, Evgeniya"]
[Result "0-1"]
[WhiteTitle "GM"]
[BlackTitle "WGM"]
[WhiteElo "2438"]
[BlackElo "2229"]
[WhiteFideId "617822"]
[BlackFideId "14112035"]
[EventDate "2020.06.22"]

1. e4 e5 2. Nf3 Nc6 3. Bb5 Nf6 4. O-O Nxe4 5. Re1 Nd6 6. Nxe5 Be7 7. Bf1 Nxe5 8.
Rxe5 O-O 9. d4 Ne8 10. Nc3 c6 11. d5 Bf6 12. Re3 Nc7 13. d6 Ne6 14. Ne4 Bd4 15.
Rd3 Be5 16. Qh5 f5 17. Ng5 Nxg5 18. Bxg5 Bf6 19. Bxf6 Qxf6 20. c3 b6 21. Rh3 h6
22. Bc4+ Kh7 23. Rd1 Bb7 24. Rg3 c5 25. Re3 Be4 26. f3 Bc6 27. Re7 Qg6 28. Qxg6+
Kxg6 29. Bd5 Bxd5 30. Rxd5 Rad8 31. Kf2 Rf6 32. f4 Re6 33. g4 Rf6 34. gxf5+ Kh7
35. Kf3 Kg8 36. h4 Kf8 37. a3 Rxd6 38. Rxd6 Kxe7 39. Rg6 Kf7 40. Ke4 d5+ 41. Ke5
d4 42. cxd4 cxd4 43. f6 Kxg6 0-1

[Event "Women's Speed Chess Q5"]
[Site "chess.com INT"]
[Date "2020.06.22"]
[Round "1"]
[White "Tian, Shi Yuan"]
[Black "Krasteva, Beloslava"]
[Result "0-1"]
[WhiteTitle "WFM"]
[BlackTitle "FM"]
[WhiteElo "1868"]
[BlackElo "2246"]
[WhiteFideId "2623960"]
[BlackFideId "2922029"]
[EventDate "2020.06.22"]

1. d4 d5 2. c4 e6 3. Nc3 Be7 4. cxd5 exd5 5. Nf3 Nf6 6. Qc2 c6 7. Bf4 O-O 8. e3
Be6 9. Bd3 Nbd7 10. h3 Rc8 11. O-O c5 12. dxc5 Nxc5 13. Bf5 Nce4 14. Bxe6 fxe6
15. Qb3 Nc5 16. Qd1 Nfe4 17. Nxe4 Nxe4 18. Nd4 Qd7 19. Qg4 Rf6 20. Be5 Rg6 21.
Qe2 Bd6 22. Bxd6 Qxd6 23. Rac1 Rf8 24. h4 e5 25. Nb5 Qf6 26. h5 Rg5 27. Nc7 Qh6
28. Nxd5 Rxh5 29. Ne7+ Kh8 0-1

[Event "Women's Speed Chess Q5"]
[Site "chess.com INT"]
[Date "2020.06.22"]
[Round "1"]
[White "Kashlinskaya, Alina"]
[Black "Khalafova, Narmin"]
[Result "1-0"]
[WhiteTitle "IM"]
[BlackTitle "WGM"]
[WhiteElo "2494"]
[BlackElo "2279"]
[WhiteFideId "4198026"]
[BlackFideId "13402625"]
[EventDate "2020.06.22"]

1. d4 g6 2. e4 d6 3. Nf3 Nf6 4. Nc3 Bg7 5. Be3 a6 6. a4 Nc6 7. h3 O-O 8. d5 Nb4
9. Bc4 c6 10. O-O cxd5 11. exd5 Bf5 12. Nd4 Bd7 13. a5 Rc8 14. Qe2 Re8 15. Rfd1
e5 16. dxe6 fxe6 17. Bb3 d5 18. Bg5 Qc7 19. Qd2 Nc6 20. Nf3 Kh8 21. Re1 Re7 22.
Bf4 Qd8 23. Bd6 Re8 24. Ng5 Kg8 25. Nxd5 exd5 26. Bxd5+ 1-0

[Event "Women's Speed Chess Q5"]
[Site "chess.com INT"]
[Date "2020.06.22"]
[Round "1"]
[White "Sowa, Wiktoria"]
[Black "Balabayeva, Xeniya"]
[Result "0-1"]
[WhiteTitle "WFM"]
[BlackTitle "WFM"]
[WhiteElo "2093"]
[BlackElo "2146"]
[WhiteFideId "21836701"]
[BlackFideId "13719688"]
[EventDate "2020.06.22"]

1. e4 e6 2. Nf3 c5 3. d4 cxd4 4. Nxd4 Nc6 5. Nc3 Nf6 6. g3 Bc5 7. Be3 Qb6 8.
Nce2 Qxb2 9. Bg2 Bb4+ 10. Kf1 a6 11. Rb1 Qa3 12. Rb3 Qa5 13. c3 Be7 14. Nxc6
bxc6 15. Bb6 Qh5 16. f4 Rb8 17. Bc7 Rxb3 18. axb3 O-O 19. c4 Ng4 20. Bb6 Bc5 21.
Bxc5 Qxc5 22. Ke1 Qf2+ 23. Kd2 Qxg2 24. Rg1 Qxe4 25. Nc3 Qd4+ 26. Kc2 Ne3+ 0-1

[Event "Women's Speed Chess Q5"]
[Site "chess.com INT"]
[Date "2020.06.22"]
[Round "1"]
[White "Padmini, Rout"]
[Black "Skuhala, Barbara"]
[Result "1-0"]
[WhiteTitle "IM"]
[BlackTitle "WFM"]
[WhiteElo "2370"]
[BlackElo "2095"]
[WhiteFideId "5029295"]
[BlackFideId "14605465"]
[EventDate "2020.06.22"]

1. e4 c5 2. Nf3 Nc6 3. Nc3 d6 4. d4 cxd4 5. Nxd4 Nf6 6. Bg5 e6 7. Qd2 Be7 8.
O-O-O O-O 9. Ndb5 Qa5 10. Bxf6 Bxf6 11. f4 a6 12. Nxd6 Bxc3 13. Qxc3 Qxa2 14.
Bc4 Qa1+ 15. Kd2 Qa5 16. Qxa5 Nxa5 17. Ba2 Nc6 18. Ke3 b5 19. c3 Rb8 20. b4 a5
21. Rb1 axb4 22. cxb4 Ra8 23. Rb2 Ra3+ 24. Bb3 Rd8 25. Nxc8 Rxc8 26. Rc1 Ne7 27.
Rxc8+ Nxc8 28. Kd4 Kf8 29. Kc5 Ke7 30. e5 f6 31. Kxb5 g5 32. g3 h5 33. Kc5 Ra1
34. b5 gxf4 35. gxf4 Rc1+ 36. Bc4 Nb6 37. Kxb6 Rxc4 38. Ka7 Ra4+ 39. Kb7 Rxf4
40. exf6+ Kxf6 41. b6 e5 42. Kc6 Rc4+ 43. Kd5 Rd4+ 44. Kc5 Rd8 45. b7 1-0